Курс физики. Ч. 3: Электричество. Оптика (Запись № 13616820)

Подробности
000 -МАРКЕР
контрольное поле 01214nam2a2200241 4500
001 - ИДЕНТИФИКАТОР ЗАПИСИ
контрольное поле rc\3007763
005 - ИДЕНТИФИКАТОР ВЕРСИИ
контрольное поле 20260315064051.0
035 ## - ДРУГИЕ СИСТЕМНЫЕ НОМЕРА
Идентификатор записи (NLR Aleph) 007150479
100 ## - ДАННЫЕ ОБЩЕЙ ОБРАБОТКИ
Данные общей обработки 20110922d1940 u y0rusy50 ca
101 0# - ЯЗЫК РЕСУРСА
Язык текста, звукозаписи и т.д. русский
102 ## - СТРАНА ПУБЛИКАЦИИ ИЛИ ПРОИЗВОДСТВА
Страна публикации Российская Федерация
105 ## - ПОЛЕ КОДИРОВАННЫХ ДАННЫХ: ТЕКСТОВЫЕ МАТЕРИАЛЫ, МОНОГРАФИЧЕСКИЕ
Кодированные данные о монографическом текстовом документе ac z |||||
200 1# - ЗАГЛАВИЕ И СВЕДЕНИЯ ОБ ОТВЕТСТВЕННОСТИ
Основное заглавие Электричество. Оптика
Сведения, относящиеся к заглавию Для 10 класса
210 ## - ПУБЛИКАЦИЯ, РАСПРОСТРАНЕНИЕ И ДР.
Дата издания, распространения и т.д. 1940
215 ## - ФИЗИЧЕСКАЯ ХАРАКТЕРИСТИКА
Специфическое обозначение материала и объем 312 с., 1 вкл. л. ил.
Другие сведения о физической характеристике ил., портр., черт.
461 #0 - УРОВЕНЬ НАБОРА
Встроенное поле 001rc\3007760
-- 2001#$aКурс физики$eУчебник для сред. школы$eУтв. НКП РСФСР.Ч. 1-3$fпроф. И.И. Соколов$vЧ. 3
-- 700#1$aСоколов$bИ. И.$gИван Иванович$f1874-1967$cд-р пед. наук, физика$3RU\NLR\AUTH\770219297
Системный номер (АБИС) связанной записи 7146433
Автор Соколов, И. И. (д-р пед. наук, физика ; 1874-1967)
Место публикации Москва
Дата публикации 1940
Издание 3-е изд.
Первые сведения об ответственности проф. И.И. Соколов
Имя издателя, распространителя и т.д. Учпедгиз
Сведения, относящиеся к заглавию Учебник для сред. школы : Утв. НКП РСФСР.Ч. 1-3
Физическая характеристика 3 т.
Заглавие Курс физики
Номер тома Ч. 3
801 #0 - ИСТОЧНИК ЗАПИСИ
Страна Российская Федерация
Организация NLR
Правила каталогизации psbo
801 #1 - ИСТОЧНИК ЗАПИСИ
Страна Российская Федерация
Организация ELAR
Источник данных rusmarc
852 ## - МЕСТОНАХОЖДЕНИЕ И ШИФР ХРАНЕНИЯ
Идентификатор организации NLR
Шифр хранения (Call Number) 40-17/112(1)
942 ## - ДОПОЛНИТЕЛЬНЫЕ ЭЛЕМЕНТЫ ЗАПИСИ (АБИС)
Тип экземпляра АБИС Неопределено
980 ## - КОЛЛЕКЦИЯ
Название коллекции Национальная библиография

Нет доступных экземпляров.